| 000 | 00555cam a2200205ua 4500 | ||
|---|---|---|---|
| 001 | 5251 | ||
| 005 | 20260515113844.0 | ||
| 008 | 120306n ii |||gr||||Z||||||eng | ||
| 040 | _cMAIN | ||
| 082 | _a821 | ||
| 100 |
_aHerbert, George,., _eAuthor, |
||
| 245 | 1 | 1 |
_aSelected poems of George Herbert and Henry Vaughan _cby George Herbert |
| 250 | _a9th. | ||
| 260 |
_aNew Delhi: _bRama brothers, _c1995. |
||
| 300 |
_aix; 323p: _c23cm. |
||
| 653 | _aEnglish poetry | ||
| 700 |
_aVaughan, Henry, _eAuthor., |
||
| 700 |
_aLall, Ramji, _eEditor, |
||
| 942 | _cBK | ||
| 999 |
_c4429 _d4429 |
||